| 000 | 00720cam a2200229 a 4500 | ||
|---|---|---|---|
| 001 | 3089639 | ||
| 005 | 20180228031803.0 | ||
| 008 | 980724s1998 caua b 001 0 eng | ||
| 010 | _a 98038397 | ||
| 020 | _a1580630332 (alk. paper) | ||
| 040 |
_aDLC _cDLC _dDLC |
||
| 041 | _aeng | ||
| 080 | _a616.994052 HAT | ||
| 082 | 0 | 0 |
_a616.994052 HAT _221 |
| 100 | 1 | _a4 | |
| 101 | _aSHM | ||
| 245 | 1 | 0 |
_aEat to beat cancer / _cby J. Robert Hatherill. |
| 504 | _aIncludes bibliographical references and index. | ||
| 906 |
_a7 _bcbu _corignew _d1 _eocip _f19 _gy-gencatlg |
||
| 942 |
_2ddc _cBK |
||
| 999 |
_c43666 _d43666 |
||